The Management of science : (Record no. 6526)

MARC details
000 -LEADER
fixed length control field 00871nam a22002292 4500
001 - CONTROL NUMBER
control field 0000003798
005 - DATE AND TIME OF LATEST TRANSACTION
control field 20151217151934.0
008 - FIXED-LENGTH DATA ELEMENTS--GENERAL INFORMATION
fixed length control field 070515s xx 000 0 eng d
020 ## - INTERNATIONAL STANDARD BOOK NUMBER
International Standard Book Number 033352540X :
040 ## - CATALOGING SOURCE
Original cataloging agency KABU
Transcribing agency KABU
050 #0 - LIBRARY OF CONGRESS CALL NUMBER
Classification number Q124.6
Item number .M36
245 14 - TITLE STATEMENT
Title The Management of science :
Remainder of title proceedings of section F (Economics) of the British Association for the Advancement of Science, Sheffield, 1989 /
Statement of responsibility, etc. edited by Douglas Hague.
260 ## - PUBLICATION, DISTRIBUTION, ETC. (IMPRINT)
Place of publication, distribution, etc. Houndmills :
Name of publisher, distributor, etc. Macmillan,
Date of publication, distribution, etc. 1991.
300 ## - PHYSICAL DESCRIPTION
Extent xii, 180 p. ;
Dimensions 23 cm.
500 ## - GENERAL NOTE
General note Includes bibliographical references (p. 166-169) and index.
650 #0 - SUBJECT ADDED ENTRY--TOPICAL TERM
Topical term or geographic name as entry element Science
General subdivision Economic aspects
-- Congresses.
-- 0000153962
650 #0 - SUBJECT ADDED ENTRY--TOPICAL TERM
Topical term or geographic name as entry element Research
General subdivision Economic aspects
-- Congresses.
-- 0000153963
700 1# - ADDED ENTRY--PERSONAL NAME
Personal name Hague, Douglas.
-- 0000153964
908 ## - PUT COMMAND PARAMETER (RLIN)
Put command parameter 070515
950 ## - LOCAL HOLDINGS (RLIN)
-- 1
Holdings
Withdrawn status Lost status Source of classification or shelving scheme Not for loan Home library Current library Date acquired Total Checkouts Full call number Barcode Date last seen Price effective from Koha item type
    Library of Congress Classification   Kabarak, Main Campus Kabarak, Main Campus 17/12/2015   Q124.6 .M36 004602 17/12/2015 17/12/2015 General Collection
Designed with assistance from East African Informatics Ltd